Statistics for Города Ханты-Мансийского Автономного Округа-Югры

Click here to take the quiz!

General Stats

  • This quiz has been taken 70 times
  • The average score is 8 of 16

Answer Stats

НаселениеГород% Correct
109,745Ханты-Мансийск
95%
396,443Сургут
93%
283,256Нижневартовск
84%
124,732Нефтеюганск
75%
42,701Лангепас
54%
61,441Когалым
52%
63,034Нягань
48%
40,180Пыть-Ях
45%
43,577Радужный
43%
38,288Югорск
41%
52,887Мегион
38%
40,977Лянтор
38%
41,315Урай
34%
16,040Покачи
32%
31,138Советский
27%
19,994Белоярский
23%

Score Distribution

Percentile by Number Answered

Percent of People with Each Score

Your Score History

You have not taken this quiz